Statistics for Biggest Urban Area by Country and Letter #2

Click here to take the quiz!

General Stats

  • This quiz has been taken 1,037 times
    (1,024 since last reset)
  • The average score is 19 of 24

Answer Stats

LetterCountryCity% Correct
FGermanyFrankfurt
98%
NItalyNaples
97%
VAustriaVienna
97%
ITurkeyIstanbul
96%
AAlgeriaAlgiers
95%
RBrazilRio de Janeiro
95%
ANew ZealandAuckland
94%
HVietnamHo Chi Minh City
94%
LFranceLyon
94%
RNetherlandsRotterdam
94%
DUnited StatesDallas
92%
BAzerbaijanBaku
89%
GMexicoGuadalajara
88%
YArmeniaYerevan
84%
MColombiaMedellín
78%
YCameroonYaoundé
74%
ASyriaAleppo
72%
MMozambiqueMaputo
70%
XChinaXiamen
67%
PIndiaPune
60%
KNigeriaKano
57%
URussiaUfa
48%
DSaudi ArabiaDammam
35%
QPakistanQuetta
31%

Score Distribution

Percentile by Number Answered

Percent of People with Each Score

Your Score History

You have not taken this quiz since the last reset